| 000 -LEADER |
| fixed length control field |
00785cam a22002057a 4500 |
| 020 ## - INTERNATIONAL STANDARD BOOK NUMBER |
| ISBN |
9251054800 |
| 040 ## - CATALOGING SOURCE |
| Transcribing agency |
UAB |
| 082 ## - DEWEY DECIMAL CLASSIFICATION NUMBER |
| Classification number |
631 FOO 2006 A038 Or. |
| 245 04 - TITLE STATEMENT |
| Title |
The role of biotechnology in exploring and protecting agricultural genetic resources / |
| 260 ## - PUBLICATION, DISTRIBUTION, ETC. (IMPRINT) |
| Place of publication |
Rome : |
| Name of publisher |
Food and Agriculture Organization of the United nations, |
| Year of publication |
2006. |
| 300 ## - PHYSICAL DESCRIPTION |
| Number of Pages |
xiii, 187 p. : |
| Other physical details |
ill. ; |
| Dimensions |
25 cm. |
| 500 ## - GENERAL NOTE |
| General note |
Based on a series of e-mail conferences hosted by the FAO Biotechnology Forum in 2005. |
| 650 #0 - SUBJECT ADDED ENTRY--TOPICAL TERM |
| Topical Term |
Agricultural biotechnology. |
| 650 #0 - SUBJECT ADDED ENTRY--TOPICAL TERM |
| Topical Term |
Germplasm resources. |
| 700 1# - ADDED ENTRY--PERSONAL NAME |
| Personal name |
Ruane, John, |
| 700 1# - ADDED ENTRY--PERSONAL NAME |
| Personal name |
Sonnino, Andrea. |
| 710 2# - ADDED ENTRY--CORPORATE NAME |
| Corporate name or jurisdiction name as entry element |
Food and Agriculture Organization of the United Nations. |
| 856 41 - ELECTRONIC LOCATION AND ACCESS |
| Uniform Resource Identifier |
http://www.loc.gov/catdir/toc/fy0703/2006484128.html |
| 942 ## - ADDED ENTRY ELEMENTS (KOHA) |
| Koha item type |
សៀវភៅភាសាអង់គ្លេស |
| 952 ## - LOCATION AND ITEM INFORMATION (KOHA) |
| Withdrawn status [LOCAL, KOHA] |
0 |